000 00998nam a22002417a 4500
005 2009111306196.0
008 091113t xxu||||| |||| 00| 0 eng d
010 _aENG-95493
020 _a9788131306543
_c395.00
035 _aEN-78026
037 _bDBAD/PUB
040 _aDPL
100 _aR. Pushpa Kumari
245 _aEnvironmental Economics
_c by R. Pushpa Kumari
260 _aNew Delhi
_bAPH. Publishing Corporation
_c2009
270 _a4435-36/7 Ansari Road, Darya Ganj
_bNew Delhi
_e110002
300 _ax, 124p.
_c22 cm.(Hb)
500 _aIncluddes bibliogrephial refernces
856 _uhttp://www.loc.gov/catdir/toc/ecip0721/2007025342.html
942 _2ddc
_cEN
_mPUS
999 _c31929
_d31929